| 000 | 004960000a22001810004500 | ||
|---|---|---|---|
| 003 | MACL | ||
| 005 | 20160129113621.0 | ||
| 008 | 160129b xxu||||| |||| 00| 0 eng d | ||
| 040 |
_aMACL _cMACL |
||
| 041 | _aEnglish | ||
| 082 | _a516/AGA | ||
| 100 |
_aAgarwal, Amit M _931829 |
||
| 245 |
_aVectors &3D Geometry _bSkils in Mathematics for IIT JEE & Other Engineering Entrance |
||
| 260 |
_aMeerut _bArihant Prakashan |
||
| 350 | _a165 | ||
| 650 |
_aGeometry _935189 |
||
| 942 |
_cBK _k516/AGA _2ddc |
||
| 999 |
_c44790 _d44790 |
||